A relative stranger.

Saved in:
Bibliographic Details
Main Author: Stevenson, Anne
Format: Book
Language:English
Published: London : Collins, 1969.
LEADER 00687nam a2200205 i 4500
001 c000092016
003 CARM
005 00000000000000.0
008 920529s1969 k 00011 eng d
019 1 |a 10430505  |5 LACONCORD2021 
020 |a 000221721X 
035 |a (OCoLC)221416815  |5 LACONCORD2021 
082 0 4 |a 823.914 
100 1 |a Stevenson, Anne. 
245 1 2 |a A relative stranger. 
260 |a London :  |b Collins,  |c 1969. 
300 |a 223p. ;  |c 21cm. 
852 8 |b CARM  |h A2:AD09A0  |i B02379  |p 0102631  |f BK 
999 f f |i a7331d7e-90d7-5cb2-9179-90bec1fcddd6  |s d0a4658c-4fdf-58fb-8d67-c32ae7e917dd 
952 f f |p Can circulate  |a CAVAL  |b CAVAL  |c CAVAL  |d CARM 1 Store  |e B02379  |f A2:AD09A0  |h Other scheme  |i book  |m 0102631